| 000 | 00368nam a2200145Ia 4500 | ||
|---|---|---|---|
| 008 | 150201s1995 xx 000 0 und d | ||
| 082 |
_a617.634 _bC1995G |
||
| 100 | _aGOLDSTEIN, RONALD | ||
| 245 | _aCOMPLETE DENTURE BLEACHING | ||
| 250 | _a1ST | ||
| 260 |
_bQUINTESSENCE PUBLICATION _aCHICAGO _c1995 |
||
| 300 | _a1-165 | ||
| 650 | _aPROSTHODONTICS | ||
| 942 |
_2ddc _cBK |
||
| 999 |
_c4446 _d4446 |
||